Not so common general knowledge about the world - Statistics

General Stats
  • This quiz has been taken 1,101 times
    21 since last reset
  • The average score is 5 of 15
Answer Stats
Hint Answer % Correct
Which is the worlds largest island? Greenland
83%
What is the name of a traditional korean side dish consisting of salted and fermented vegetables? Kimchi
72%
In which city is the oldest university of europe located? Bologna
61%
Which is the largest country without a river? Saudi Arabia
50%
Which is the second largest french speaking city in the world? Montreal
44%
Country which is home to more than 250 ethnic groups. The three largest being Hausa, Yoruba and Igbo. Nigeria
39%
What is the worlds highest capital city? La Paz
33%
Through which City flows the river Clyde? Glasgow
28%
Which is the last country in the world to abolish slavery? Mauritania
28%
Often described as the safest city in the world, with low crime and a peaceful atmosphere Reykjavik
28%
First country in the world to fully legalize cannabis. Uruguay
17%
What is the birthplace (city) of Che Guevara? Rosario
11%
What country is the top producer of "true cinnamon"? Sri Lanka
11%
In which country is the archeological site of Nan Madol located? Micronesia
6%
Which city is often referred to as the "end of the world"? Ushuaia
6%
No matching quizzes found
Score Distribution
Percent of People with Each Score
Percentile by Number Answered
Your Score History
You have not taken this quiz since the last reset